|
|
|
|
| LEADER |
00000nam a2200000 a 4500 |
| 005 |
20150810135354.0 |
| 007 |
cr ||||||||||| |
| 008 |
150127s2014 sp s 000 0 spa|c |
| 020 |
|
|
|a 9788490852415
|
| 035 |
|
|
|a 12791
|
| 040 |
|
|
|d vLex
|
| 090 |
|
|
|c 5497
|d 5497
|
| 245 |
1 |
4 |
|a Los Derechos a la intimidad y a la privacidad en el siglo XXI
|h [Recurso electrn̤ico] /
|c Antonio Fayos Gard ̤(coordinador); Pilar Conde Colmenero... [et al.] ; introduccin̤ de Xavier O'Callaghan Muǫz
|
| 256 |
|
|
|a Servicio en ln̕ea
|
| 260 |
|
|
|a Madrid :
|b Dykinson,
|c 2014
|
| 300 |
|
|
|a 1 recurso electrn̤ico (254 p.)
|
| 500 |
|
|
|a Se puede decir que esta obra intenta estudiar el derecho a la intimidad en su sentido ms̀ amplio, o dicho de otra forma los diferentes derechos a la intimidad, pues son varios los derechos que limitan las libertades de expresin̤ e informacin̤. Y siempre pensamos que haba̕ que estudiar el tema desde una prespectiva multidisciplinar, pues la intimidad tiene muchas facetas, tanto jurd̕icas -constitucional, civil, penal-, como periods̕ticas. Por ello en esta obra intervienen profesores y doctores de todas esas disciplinas. Se trata pues de una obra colectiva, multi-disciplinar, inter-universitaria e internacional. Los adjetivos definen las caracters̕ticas relativas a la autora̕ y al derecho estudiado. Los adjetivos sobre su contenido ya no dependen de nosotros, aunque creemos haber trabajado los distintos capt̕ulos con mimo y con pasin̤, porque estos temas despiertan mucho interš en todos los que hemos intervenido.
|
| 504 |
|
|
|a Índice. Bibliografa̕.
|
| 506 |
1 |
|
|a Contenido disponible en los productos indicados
|d vLex Global
|d vLex Global (Academic Edition, excluding Law Schools)
|d vLex Global (U.S. Academic Edition, Law Schools)
|d vLex Global (U.S. Academic Edition, excluding Law Schools)
|d vLex Global (Academic Edition, Law Schools)
|
| 650 |
0 |
4 |
|a Derecho a la intimidad
|z Espaą
|
| 650 |
0 |
4 |
|a Proteccin̤ de datos
|z Espaą
|
| 700 |
1 |
|
|a Fayos Gard,̤ Antonio
|
| 700 |
1 |
|
|a Conde Colmenero, Pilar
|
| 700 |
1 |
|
|a O'Callaghan Muǫz, Xavier
|
| 740 |
0 |
|
|a vLex Libros (Servicio en ln̕ea)
|
| 856 |
4 |
0 |
|z Acceso restringido
|u http://vlex.com/source/los-derechos-a-la-intimidad-y-a-la-privacidad-en-el-siglo-xxi-12791
|
| 942 |
|
|
|c BOOK
|
| 999 |
0 |
|
|a Privacy, Right of
|
| 999 |
0 |
|
|a Data protection
|